[Event "33rd ECCC Open 2017"]
[Site "Antalya"]
[Date "2017.10.14"]
[Round "7"]
[White "Salihu, Sami"]
[Black "Ashton, Adam G"]
[Result "0-1"]
[WhiteElo "2187"]
[BlackElo "2347"]
[Annotator "NA"]
[PlyCount "116"]
[EventType "team-tourn"]
[EventCountry "TUR"]
[SourceTitle "playchess.com"]
[Source "ChessBase"]
[SourceQuality "1"]
[WhiteTeam "Dardania"]
[BlackTeam "3CS Oldham"]
[TimeControl "40/5400+30:1800+30"]

1. d4 {[%emt 0:00:30]} d5 {[%emt 0:01:00]} 2. Nf3 {[%emt 0:00:00]} Nf6 {[%emt 0:00:00]} 3. c4 {[%emt 0:00:00]} e6 {[%emt 0:01:00]} 4. Nc3 {[%emt 0:00:30]} Be7 {[%emt 0:00:30]} 5. Bf4 {[%emt 0:00:30]} O-O {[%emt 0:00:30]} 6. e3 {[%emt 0:00:00]} Nbd7 {[%emt 0:00:00]} 7. c5 {[%emt 0:00:00] D37: Queen's Gambit Declined: 5 Bf4} Ne4 {[%emt 0:00:00]} 8. Nb5 $146 {[%emt 0:00:30]} ({Predecessor:} 8. Rc1 Nxc3 9. Rxc3 b6 10. c6 Nf6 11. a3 a5 12. Bd3 Ne4 13. Rc1 f6 14. Qc2 f5 {1-0 (40) Aronian,L (2793)-So,W (2812) Stavanger 2017}) 8... c6 {[%emt 0:09:30]} 9. Bc7 {[%emt 0:00:30]} Qe8 {[%emt 0:00:00]} 10. Nd6 {[%emt 0:00:30]} Nxd6 {[%emt 0:09:00]} 11. cxd6 {[%emt 0:00:30]} Bd8 {[%emt 0:00:30]} 12. Bd3 {[%emt 0:00:30]} Bxc7 {[%emt 0:03:30]} 13. dxc7 {[%emt 0:00:30]} e5 {[%emt 0:07:30]} 14. dxe5 {[%emt 0:01:30]} Nxe5 {[%emt 0:03:30]} 15. Ng5 {[%emt 0:00:30]} Nxd3+ {[%emt 0:03:30]} 16. Qxd3 {[%emt 0:00:00]} g6 {[%emt 0:01:30]} 17. h4 {[%emt 0:00:00]} Qe7 {[%emt 0:04:30]} 18. O-O-O {[%emt 0:02:30]} f6 {[%emt 0:09:30]} 19. Nf3 {[%emt 0:00:30]} Qc5+ {[%emt 0:05:30]} 20. Qc3 {[%emt 0:00:30]} Qxc3+ {[%emt 0:01:30]} 21. bxc3 {[%emt 0:00:00]} Rf7 {[%emt 0:02:30]} 22. e4 {[%emt 0:00:00]} Rxc7 {[%emt 0:00:30]} 23. exd5 {[%emt 0:00:30]} cxd5 {[%emt 0:00:30]} 24. Kb2 {[%emt 0:01:30]} Be6 {[%emt 0:00:30]} 25. Rhe1 {[%emt 0:00:30]} Bf7 {[%emt 0:00:30]} 26. Nd4 {[%emt 0:00:00]} Rd8 {[%emt 0:02:30]} 27. Rd3 {[%emt 0:00:00]} a6 $11 {[%emt 0:01:30]} (27... Re8 $17 28. Rxe8+ Bxe8) 28. Rde3 {[%emt 0:00:30]} Rdd7 {[%emt 0:01:30]} 29. g4 {[%emt 0:01:30]} Kf8 {[%emt 0:03:30]} 30. f4 {[%emt 0:00:30]} Re7 {[%emt 0:00:30]} 31. Kb3 {[%emt 0:00:30]} Rxe3 {[%emt 0:01:30]} 32. Rxe3 {[%emt 0:00:00]} Re7 {[%emt 0:01:30]} 33. Rxe7 {[%emt 0:00:00]} Kxe7 {[%emt 0:00:00]} 34. Kb4 {[%emt 0:00:30]} Kd6 {[%emt 0:04:00]} 35. g5 {[%emt 0:00:30]} fxg5 {[%emt 0:02:30]} 36. hxg5 {[%emt 0:00:00]} Be8 {[%emt 0:03:43]} 37. Kb3 {[%emt 0:09:00]} Bd7 {[%emt 0:00:55]} 38. Kb4 {[%emt 0:02:30]} b6 {[%emt 0:00:13]} 39. a3 {[%emt 0:02:30]} a5+ {[%emt 0:00:56]} 40. Kb3 {[%emt 0:00:00]} Kc5 {[%emt 0:01:43]} 41. Nf3 {[%emt 0:01:00]} Be6 {[%emt 0:03:30]} 42. Nd4 {[%emt 0:01:30]} Bg4 {[%emt 0:00:00]} 43. Kc2 {[%emt 0:01:30]} Kc4 {[%emt 0:00:00]} 44. Nc6 {[%emt 0:01:30]} Bf5+ {[%emt 0:01:30]} 45. Kb2 {[%emt 0:00:30]} Kd3 {[%emt 0:00:30]} 46. Ne7 {[%emt 0:04:30]} Be6 {[%emt 0:01:30]} 47. f5 {[%emt 0:00:30]} gxf5 {[%emt 0:00:30]} 48. g6 {[%emt 0:00:00]} hxg6 {[%emt 0:00:30]} 49. Nxg6 {[%emt 0:00:00]} Ke3 {[%emt 0:00:30]} 50. Nf8 {[%emt 0:02:30]} Bc8 {[%emt 0:00:30]} 51. Ng6 {[%emt 0:00:30]} f4 {[%emt 0:00:30]} 52. c4 {[%emt 0:02:30]} f3 {[%emt 0:01:30]} 53. Ne7 {[%emt 0:00:00]} f2 {[%emt 0:01:30]} 54. Nxc8 {[%emt 0:00:00]} f1=Q {[%emt 0:00:30]} 55. cxd5 {[%emt 0:01:30]} Qb5+ {[%emt 0:00:00]} 56. Ka1 {[%emt 0:00:30]} Qxd5 {[%emt 0:00:00]} 57. Na7 {[%emt 0:00:30]} Kd2 {[%emt 0:00:30]} 58. a4 {[%emt 0:00:00]} Qd4+ {[%emt 0:00:30]} 0-1

[Event "33rd ECCC Open 2017"]
[Site "Antalya"]
[Date "2017.10.14"]
[Round "7"]
[White "O'Connell, Gerard"]
[Black "Tratar, Marko"]
[Result "0-1"]
[WhiteElo "2150"]
[BlackElo "2456"]
[Annotator "TA"]
[PlyCount "54"]
[EventType "team-tourn"]
[EventCountry "TUR"]
[SourceTitle "playchess.com"]
[Source "ChessBase"]
[SourceQuality "1"]
[WhiteTeam "Benildus"]
[BlackTeam "Bonnevoie"]

{[%evp 18,54,56,12,18,15,17,2,18,0,12,12,33,0,0,-6,-7,-49,-56,-60,-49,-37,-41,-131,-123,-195,-199,-187,-172,-191,-194,-239,-251,-249,-202,-1024,-996,-1145,-1108]} 1. d4 d6 2. Nf3 Nf6 3. c4 g6 4. Nc3 Bg7 5. e4 O-O 6. Be2 Nbd7 7. O-O e5 8. Be3 Re8 9. d5 Nh5 {[%cal Bf6h5,Bh5f4,Bf4e2][%mdl 32]} 10. b4 {LiveBook: 3 Games. E94: King's Indian: Classical: 6 Be2 e5 7 0-0: Various Black 7th moves} a5 11. a3 Nf4 12. Qc2 $146 {The position is equal.} ({Predecessor:} 12. c5 axb4 13. axb4 Rxa1 14. Qxa1 Nxe2+ 15. Nxe2 f5 16. cxd6 cxd6 17. Qa5 Nf6 {0-1 (34) Turov,M (2572)-Bologan,V (2682) Kallithea 2008}) 12... Nxe2+ 13. Qxe2 f5 14. Bg5 Bf6 15. Bxf6 Nxf6 16. Rac1 Bd7 17. Rfd1 fxe4 18. Nxe4 Nxe4 19. Qxe4 Rf8 {[%cal Be8f8,Bf8f4,Bf4f3][%mdl 32]} 20. Qe3 (20. Rc3 $15) 20... Bg4 $17 21. c5 (21. Ng5 $17) 21... Bxf3 $19 22. gxf3 axb4 23. axb4 Rf4 24. b5 Qg5+ 25. Kh1 Qh5 {[#] Hoping for ...Rh4.} 26. Kg2 $2 (26. Rg1) 26... Raf8 27. Rd3 Rxf3 {Precision: White = 14%, Black = 86%.} 0-1

[Event "33rd ECCC Open 2017"]
[Site "Antalya"]
[Date "2017.10.14"]
[Round "7"]
[White "Olkhovskiy, Alexander"]
[Black "Palac, Mladen"]
[Result "0-1"]
[WhiteElo "2133"]
[BlackElo "2540"]
[Annotator "TA"]
[PlyCount "60"]
[EventType "team-tourn"]
[EventCountry "TUR"]
[SourceTitle "playchess.com"]
[Source "ChessBase"]
[SourceQuality "1"]
[WhiteTeam "MAKABI"]
[BlackTeam "Nice Alekhine"]

{[%evp 9,60,-4,0,-4,-11,-16,-1,-13,-18,-18,-47,-88,-91,-93,-89,-99,-86,-125,-119,-160,-167,-158,-160,-166,-148,-173,-172,-177,-187,-173,-155,-178,-174,-200,-162,-171,-170,-184,-196,-227,-228,-291,-272,-281,-298,-517,-508,-508,-493,-484,-490,-593,-574]} 1. e4 c5 2. f4 g6 3. Nf3 Bg7 4. c3 Nc6 (4... d5 5. d3 Nc6 6. Be2 e5 7. exd5 Qxd5 8. Na3 Nge7 9. fxe5 Nxe5 10. Nxe5 Qxe5 11. O-O O-O 12. Bf4 Qe6 13. Bf3 Nd5 14. Bxd5 Qxd5 {½-½ (39) Milov,L (2492)-Oleksienko,M (2618) Bad Wiessee 2014}) 5. Bb5 Qb6 {LiveBook: 6 Games} 6. a4 {B21: Sicilian: 2 f4 and Morra Gambit} a6 7. Be2 $146 ({Predecessor:} 7. Bc4 e6 8. d3 Nge7 9. Qe2 O-O 10. h4 h5 11. Nh2 d5 12. Ba2 f5 13. e5 Qa5 14. Be3 d4 15. Bd2 Qb6 16. b3 dxc3 17. Bxc3 Nd5 18. Qf2 Ncb4 {0-1 (18) Risch,F-Goetz,M Germany 1991}) 7... Nf6 8. e5 {The position is equal.} Nd5 9. d4 cxd4 10. cxd4 {[#]} d6 $1 11. Nc3 Be6 12. O-O dxe5 13. fxe5 Nxe5 14. Nxd5 Bxd5 15. Nxe5 Bxe5 16. Be3 Bg7 17. a5 Qe6 18. Ra3 O-O 19. Bg4 f5 20. Bf3 Rfd8 $40 {[%cal Bf8d8,Bd8d6,Bd6d5][%mdl 160] White is in trouble.} 21. Bf2 Rd6 22. Re1 Qd7 23. Bxd5+ Rxd5 24. Qe2 Re8 ({Resist} 24... Bxd4 25. Bxd4 Rxd4 26. Qxe7 $17) 25. Qe6+ Qxe6 26. Rxe6 Rc8 27. Rxe7 $2 {[#]} (27. Rc3 Rxc3 28. bxc3) 27... Bf8 $19 {Black is clearly winning.} 28. Rae3 Bxe7 29. Rxe7 Rc1+ 30. Be1 Kf8 {Precision: White = 34%, Black = 90%.} 0-1

[Event "33rd ECCC Open 2017"]
[Site "Antalya"]
[Date "2017.10.14"]
[Round "7"]
[White "Visintin, Roberto"]
[Black "Burke, Kevin A"]
[Result "1-0"]
[WhiteElo "2055"]
[BlackElo "1770"]
[Annotator "NA"]
[PlyCount "51"]
[EventType "team-tourn"]
[EventCountry "TUR"]
[SourceTitle "playchess.com"]
[Source "ChessBase"]
[SourceQuality "1"]
[WhiteTeam "Bonnevoie"]
[BlackTeam "Benildus"]
[TimeControl "40/5400+30:1800+30"]

1. e4 {[%emt 0:00:30]} e6 {[%emt 0:01:00]} 2. d4 {[%emt 0:00:30]} d5 {[%emt 0:00:00]} 3. Nc3 {[%emt 0:00:00]} Bb4 {[%emt 0:00:00]} 4. exd5 {[%emt 0:02:00]} exd5 {[%emt 0:00:30]} 5. Bd3 {[%emt 0:00:00]} Ne7 {[%emt 0:00:30]} 6. Nge2 {[%emt 0:01:00]} O-O {[%emt 0:06:30]} 7. O-O {[%emt 0:00:30]} c6 {[%emt 0:08:30]} 8. Ng3 {[%emt 0:09:30]} Nd7 {[%emt 0:07:30]} 9. Nce2 {[%emt 0:03:30]} Ng6 {[%emt 0:05:30]} 10. Nf5 {[%emt 0:02:30]} Re8 {[%emt 0:06:30]} 11. Neg3 {[%emt 0:03:30]} Ndf8 {[%emt 0:01:30]} 12. Qh5 {[%emt 0:06:30]} Qc7 {[%emt 0:03:30]} 13. c3 {[%emt 0:05:30]} Ba5 {[%emt 0:05:30]} 14. f4 {[%emt 0:04:30]} Bd7 {[%emt 0:05:30]} 15. Nxg7 {[%emt 0:05:30]} Kxg7 {[%emt 0:07:30]} 16. f5 {[%emt 0:00:30]} Bxf5 {[%emt 0:02:30]} 17. Nxf5+ {[%emt 0:04:30]} Kg8 {[%emt 0:10:30]} 18. Nh6+ {[%emt 0:02:30]} Kg7 {[%emt 0:01:30]} 19. Rxf7+ {[%emt 0:02:30]} Qxf7 {[%emt 0:00:30]} 20. Nxf7 {[%emt 0:00:00]} Kxf7 {[%emt 0:00:00]} 21. Qf5+ {[%emt 0:07:00]} Kg7 {[%emt 0:03:00]} 22. Bg5 {[%emt 0:02:30]} Bd8 {[%emt 0:01:30]} 23. Rf1 {[%emt 0:02:30]} Bxg5 {[%emt 0:00:30]} 24. Qxg5 {[%emt 0:00:00]} Re6 {[%emt 0:02:51]} 25. h4 {[%emt 0:01:00]} Kh8 {[%emt 0:00:13]} 26. h5 {[%emt 0:00:30]} 1-0

[Event "33rd ECCC Open 2017"]
[Site "Antalya"]
[Date "2017.10.14"]
[Round "7"]
[White "Mathioulakis, Fanis"]
[Black "Vihinen, Teemu"]
[Result "0-1"]
[WhiteElo "1902"]
[BlackElo "2164"]
[Annotator "NA"]
[PlyCount "72"]
[EventType "team-tourn"]
[EventCountry "TUR"]
[SourceTitle "playchess.com"]
[Source "ChessBase"]
[SourceQuality "1"]
[WhiteTeam "Chania"]
[BlackTeam "Etela-Vantaan"]
[TimeControl "40/5400+30:1800+30"]

1. c4 {[%emt 0:00:30]} e5 {[%emt 0:01:00]} 2. Nc3 {[%emt 0:00:00]} Nc6 {[%emt 0:00:30]} 3. g3 {[%emt 0:00:00]} g6 {[%emt 0:00:00]} 4. Bg2 {[%emt 0:00:30]} Bg7 {[%emt 0:00:00]} 5. e3 {[%emt 0:00:00]} d6 {[%emt 0:00:30]} 6. Nge2 {[%emt 0:00:00]} Be6 {[%emt 0:00:30]} 7. b3 {[%emt 0:00:30]} Nge7 {[%emt 0:03:30]} 8. d4 {[%emt 0:05:30]} exd4 {[%emt 0:22:30]} 9. exd4 {[%emt 0:03:30]} Bf5 {[%emt 0:14:30]} 10. a3 {[%emt 0:11:30]} Qd7 {[%emt 0:01:30]} 11. h4 {[%emt 0:01:30]} O-O {[%emt 0:02:30]} 12. O-O {[%emt 0:10:30]} Bg4 {[%emt 0:08:30]} 13. f3 {[%emt 0:03:30]} Bh3 {[%emt 0:02:30]} 14. Be3 {[%emt 0:00:30]} Bxg2 {[%emt 0:01:30]} 15. Kxg2 {[%emt 0:00:30]} d5 {[%emt 0:02:30]} 16. c5 {[%emt 0:04:30]} Nf5 {[%emt 0:00:30]} 17. Bf2 {[%emt 0:00:30]} Bh6 {[%emt 0:01:30]} 18. Qd3 {[%emt 0:07:30]} Rfe8 {[%emt 0:00:30]} 19. f4 {[%emt 0:01:30]} Bg7 {[%emt 0:01:30]} 20. Rad1 {[%emt 0:02:30]} Re7 {[%emt 0:03:30]} 21. Qf3 {[%emt 0:10:30]} Rae8 {[%emt 0:01:30]} 22. Rd3 {[%emt 0:01:30]} Re4 {[%emt 0:03:30]} 23. Rfd1 {[%emt 0:06:30]} Nd8 {[%emt 0:02:30]} 24. R1d2 {[%emt 0:02:30]} c6 {[%emt 0:00:30]} 25. g4 {[%emt 0:01:30]} Nh6 {[%emt 0:00:30]} 26. Ng3 {[%emt 0:02:30]} Qxg4 {[%emt 0:07:21]} 27. Ncxe4 {[%emt 0:03:58]} dxe4 {[%emt 0:00:35]} 28. Qxg4 {[%emt 0:00:54]} Nxg4 {[%emt 0:00:07]} 29. Re2 {[%emt 0:00:30]} f5 {[%emt 0:01:31]} 30. Rd1 {[%emt 0:07:32]} Ne6 {[%emt 0:00:21]} 31. Ree1 {[%emt 0:03:18]} Nxf4+ {[%emt 0:00:15]} 32. Kf1 {[%emt 0:00:59]} Nh2+ {[%emt 0:01:23]} 33. Kg1 {[%emt 0:00:06]} Nf3+ {[%emt 0:00:00]} 34. Kf1 {[%emt 0:00:11]} Nxe1 {[%emt 0:00:19]} 35. Bxe1 {[%emt 0:00:37]} Rd8 {[%emt 0:00:46]} 36. Bc3 {[%emt 0:00:33]} Nd5 {[%emt 0:00:13]} 0-1

[Event "33rd ECCC Open 2017"]
[Site "Antalya"]
[Date "2017.10.14"]
[Round "7"]
[White "Aslan, Lina"]
[Black "Valeanu, Eduard-Andrei"]
[Result "0-1"]
[WhiteElo "1535"]
[BlackElo "2423"]
[Annotator "TA"]
[PlyCount "66"]
[EventType "team-tourn"]
[EventCountry "TUR"]
[SourceTitle "playchess.com"]
[Source "ChessBase"]
[SourceQuality "1"]
[WhiteTeam "Hatay"]
[BlackTeam "Adare"]

{[%evp 13,66,-35,-11,-42,-58,-60,-49,-43,-50,-41,-64,-123,-31,-46,-46,-45,-45,-52,-28,-46,-44,-50,-39,-40,-41,-61,-56,-50,-54,-50,-50,-209,-212,-208,-206,-229,-224,-220,-220,-218,-217,-743,-745,-727,-734,-943,-946,-914,-918,-914,-880,-900,-880,-5657,-5622]} 1. e4 c5 2. Nf3 Nc6 3. d4 cxd4 4. Nxd4 Nf6 5. Nc3 e6 6. Bc4 Bb4 7. Nxc6 bxc6 {[%cal Bb7c6,Bc6d5][%mdl 32]} 8. Qe2 {B45: Sicilian Four Knights} (8. O-O d5 9. exd5 exd5 10. Bd3 O-O 11. Bg5 Bd6 12. Qf3 Be5 13. Bf4 Bg4 14. Qg3 Bxf4 15. Qxf4 c5 16. b3 Re8 17. f3 Be6 18. Bf5 d4 19. Bxe6 Rxe6 {0-1 (65) Hoiberg,N (2200)-Vega Gutierrez,S (2392) Reykjavik 2015}) 8... d5 9. exd5 cxd5 10. Bb5+ {Black is slightly better.} Bd7 11. O-O O-O 12. Bg5 (12. Bd3 $15) 12... Be7 $146 ({Better is} 12... Bxc3 $1 $17 13. bxc3 Bxb5 14. Qxb5 Rc8) ({Predecessor:} 12... Bxc3 13. bxc3 Bxb5 14. Qxb5 Qd7 15. c4 dxc4 16. Qxc4 {0-1 (37) Wells,D (2022)-Gayson,P (2250) Sunningdale 2008}) 13. Rad1 h6 {[#] Strongly threatening ...Bxb5.} 14. Bf4 Bxb5 15. Nxb5 a6 16. Nd4 Qb6 $36 {[%mdl 2048] Black has some pressure.} 17. c3 Rfc8 18. Rc1 Ne4 19. f3 Nd6 20. Kh1 Bf6 21. Rfd1 Re8 {[#] White must now prevent ...e5.} 22. Be5 $2 (22. Bxd6 $15 Qxd6 23. g3) 22... Bxe5 $19 23. Qxe5 Nc4 24. Qe1 Qxb2 25. Rc2 Qa3 26. Rb1 Rab8 27. Nc6 $2 (27. Rb3 Qc5 28. g3) 27... Rxb1 {Black is clearly winning.} 28. Qxb1 Qa4 29. Nd4 Na3 30. Qb2 Nxc2 31. Nxc2 Qc4 {[%cal Rc4f1]} 32. Ne3 Qd3 33. Qc1 Rb8 {Precision: White = 31%, Black = 79%.} 0-1